The Entrepreneurial Rollercoaster (Record no. 215344)

MARC details
000 -LEADER
fixed length control field 00638nam a22002057a 4500
005 - DATE AND TIME OF LATEST TRANSACTION
control field 20260306152412.0
010 ## - LCCN (DPL NO)
LC control number ENG-147875
020 ## - INTERNATIONAL STANDARD BOOK NUMBER
International Standard Book Number 9788199355705
Terms of availability 395.00
035 ## - SYSTEM CONTROL NUMBER
System control number EN-131407
035 ## - SYSTEM CONTROL NUMBER
System control number EN-131407
037 ## - SOURCE OF ACQUISITION
Source of stock number/acquisition DBAD
082 ## - DEWEY DECIMAL CLASSIFICATION NUMBER
Classification number 338.04
Edition number 1
100 ## - MAIN ENTRY--PERSONAL NAME
Personal name Junnarkar Sushant
245 ## - TITLE STATEMENT
Title The Entrepreneurial Rollercoaster
Statement of responsibility, etc Sushant Junnarkar
250 ## - EDITION STATEMENT
Edition statement 1
260 ## - PUBLICATION, DISTRIBUTION, ETC. (IMPRINT)
Place of publication, distribution, etc Maharastra
Name of publisher, distributor, etc Vishwakarma Publication
Date of publication, distribution, etc 2025
270 ## - ADDRESS
Address 34A/1';Suyog center'; 7th floor; Gultekadi Marketyard road;Giridhar bhavan Chowk;
City Pune
Postal code 411037
300 ## - PHYSICAL DESCRIPTION
Extent 259p.
Dimensions 21cm(pb)
942 ## - ADDED ENTRY ELEMENTS (KOHA)
Source of classification or shelving scheme Dewey Decimal Classification
Classification part 338.04
Item type English Books
Call number suffix JUN
Holdings
Withdrawn status Lost status Not for loan Collection code Home library Current library Date acquired Source of acquisition Cost, normal purchase price Full call number Barcode Copy number Cost, replacement price Koha item type
      Fiction Janak Puri Janak Puri 06/03/2026 DBAD 395.00 338.04 JUN EN-131407 1 395.00 English Books

© Delhi Public Library
Hit Counter
free hit counter